Markets (Record no. 82677)

MARC details
000 -LEADER
fixed length control field 01248cab a22002055a 4500
001 - CONTROL NUMBER
control field L150912
008 - FIXED-LENGTH DATA ELEMENTS--GENERAL INFORMATION
fixed length control field 100914e20100910xxk 000 0 eng d
035 ## - SYSTEM CONTROL NUMBER
System control number (Sirsi) u150912
041 0# - LANGUAGE CODE
Language code of text/sound track or separate title eng
100 1# - MAIN ENTRY--PERSONAL NAME
Personal name Shah, Aditi
245 00 - TITLE STATEMENT
Title Markets
Remainder of title Thames Valley
260 ## - PUBLICATION, DISTRIBUTION, ETC.
Date of publication, distribution, etc. 2010
490 #0 - SERIES STATEMENT
Series statement Property Week
Volume/sequential designation 76(36) 10 September 2010, 59-66(5)
520 ## - SUMMARY, ETC.
Summary, etc. Standard Life and Shearer Property delay the opening of their 295 000 sqft Parkway retail scheme until autumn 2011. Incentives attract occupiers into Thames Valley's office market after two years of low take-up. Quintiles has secured 120 000 sq ft at Prupim's Green Park in Reading. Reading also gained £30m of income from this year's Reading music festival. Local opposition may derail Nelson Geneva's plans for a 189 unit residential development on the former Sterling industrial estate close to Newbury station. Manufacturer Elliott Turbomachinery's 15 year lease on 60 000 sq ft in Aldermaston is 2010's biggest Thames Valley industrial letting.
651 #4 - SUBJECT ADDED ENTRY--GEOGRAPHIC NAME
Geographic name Thames Valley
690 ## - LOCAL SUBJECT ADDED ENTRY--TOPICAL TERM (OCLC, RLIN)
Topical term or geographic name as entry element PROPERTY-COMMERCIAL PROPERTY-COMMERCIAL PROPERTY MARKET
690 ## - LOCAL SUBJECT ADDED ENTRY--TOPICAL TERM (OCLC, RLIN)
Topical term or geographic name as entry element PROPERTY-COMMERCIAL PROPERTY-COMMERCIAL PROPERTY FINANCE AND INVESTMENT
700 1# - ADDED ENTRY--PERSONAL NAME
Personal name Swindlehurst, James
942 ## - ADDED ENTRY ELEMENTS (KOHA)
Suppress in OPAC 0
Holdings
Withdrawn status Lost status Source of classification or shelving scheme Damaged status Not for loan Home library Current library Shelving location Date acquired Total Checkouts Full call number Barcode Date last seen Copy number Price effective from Koha item type
    Dewey Decimal Classification     London London Journal article 14/09/2010   L150912 150912-1001 06/08/2019 1 06/08/2019 Journal article